000
00442nam a2200145Ia 4500
008
100204s9999 xx 000 0 und d
082
_b
26235
100
_a
नगर्सेकर सुरेश
245
_a
डायबिटीस
260
_b
"मनोरमा प्रकाशन , मुंबई"
_c
2004
300
_a
255
630
_a
डायबिटीस
730
_a
डायबिटीस
942
_c
BOOK
999
_c
471415
_d
471412